| 000 | 00513nam a22001817a 4500 | ||
|---|---|---|---|
| 005 | 20260604130951.0 | ||
| 008 | 260604b |||||||| |||| 00| 0 eng d | ||
| 020 |
_a9788184502039 _c780.00 |
||
| 040 | _aMAIN | ||
| 041 | _aEnglish | ||
| 082 |
_a540.76 _bBHA |
||
| 100 |
_a Bhatia, A.S _926579 |
||
| 245 |
_aNumerical Problems in Chemistry _b : Objective Type for all Competitive Examinations |
||
| 260 |
_aNew Delhi _bDeep And Deep _c2009 |
||
| 300 | _a594 | ||
| 650 |
_aChemistry (PM USHA) _926803 |
||
| 942 | _cBK | ||
| 999 |
_c61012 _d61012 |
||